| 000 | 00368 a2200145 4500 | ||
|---|---|---|---|
| 003 | Nust | ||
| 005 | 20170207154216.0 | ||
| 040 | _cNust | ||
| 082 | _a378.4 | ||
| 245 |
_aUni of Wales -Prifysgol Cymru Swanaes - UG Prospectus 1999 _cUni of Wales |
||
| 260 |
_aWales _bUni of Wales _c1999 |
||
| 300 | _a204 p. | ||
| 538 | _aAlmirah No. 117 Shelf No. 1 | ||
| 650 | _aUG Prospectus | ||
| 942 |
_2ddc _cBK |
||
| 999 |
_c195092 _d195092 |
||